| 000 | 02187nam a2200433 i 4500 | ||
|---|---|---|---|
| 001 | 193374 | ||
| 003 | SpMaBN | ||
| 005 | 20250712063139.0 | ||
| 007 | ta | ||
| 008 | 061005s2006 sp | ||| ||spa | ||
| 016 | 7 |
_abimoBNE20060980647 _2SpMaBN |
|
| 017 |
_aB 10897-2006 _bOficina Depósito Legal Barcelona |
||
| 020 | _a9788496544369 | ||
| 035 | _a(OCoLC)433553580 | ||
| 040 |
_aSpMaBN _bspa _cSpMaBN _erdc |
||
| 080 | _a821.134.2-31"19" | ||
| 100 | 1 |
_aSerrano, José Luis, _d1960-2016 _0XX1103708 _9234541 _eaut |
|
| 245 | 1 | 0 |
_aZawi / _cJosé Luis Serrano |
| 250 | _aPrimera edición: mayo de 2006 | ||
| 260 |
_aBarcelona : _bRoca, _c2006 |
||
| 300 |
_a301 páginas : _bmapas ; _c23 cm |
||
| 336 |
_2rdacontent _aTexto |
||
| 337 |
_2rdamedia _asin mediación |
||
| 338 |
_2rdacarrier _avolumen |
||
| 490 | 1 | _aHistórica | |
| 500 | _aÍndice | ||
| 500 | _aCronología histórica | ||
| 500 | _aGlosario y estirpes | ||
| 520 | _aUna novela histórica sobre la fundación del reino de Granada y la figura de Almanzor, rigurosamente documentada y exquisitamente escrita. La guerra civil del año 1009, la figura incomparable de Almanzor, la vida de Zawi Zirí -mercenario bereber en el al-Ándalus- y la fundación del reino de Granada son los cuatro ejes narrativos de este libro. Exquisitos retratos de los reinos, los palacios y las cortes andalusíes; trepidantes descripciones del fragor de las batallas y unos personajes inolvidables. Una novela de aventuras que puede ser leída como tal, pero también un texto muy respetuoso con la historia. | ||
| 655 | 7 |
_aNovelas históricas _2tgfbne _9226782 |
|
| 830 | 0 |
_aHistórica (Roca Editorial) _9234542 |
|
| 852 |
_aES-MaACL _bR. 154779 _cDEPOJ _9200818 _hDonación: José Lázaro García _xEncuadernación cartoné con sobrecubiertas _jN-9531 _g"José Lázaro 10-6-2006" |
||
| 903 |
_9234219 _aLázaro García, José _ednr |
||
| 942 |
_n0 _cMONOGRAFIA |
||
| 999 |
_c193374 _d193374 |
||